| 000 | 01015nac a2200253 a 4500 | ||
|---|---|---|---|
| 003 | Co-PeBPM | ||
| 005 | 20250721152955.0 | ||
| 008 | 250721b |||||||| |||| 00| 0 spa d | ||
| 040 | 0 |
_aCo-PeBPM _bspa _cCo-PeBPM _erda |
|
| 041 | 0 | _aCo-PeBPM | |
| 082 | _a305.23 R63j | ||
| 100 | _aRodríguez Azuero, Jaime. | ||
| 245 | 1 | 0 |
_aJóvenes: semilla para la reconciliación _b: el arte de perdonar _c/ textos Jaime Rodríguez Azuero, Lola Viviana Esguerra Villamizar ; ilustración Pedro Covo. |
| 250 | _aEditor general Camilo Henao Medina. | ||
| 260 |
_a[Lugar de publicación no identificado] _b: Publicaciones Semana _c, 2015 |
||
| 300 |
_a120 páginas _b: ilustraciones _c; 16 x 24 cm. |
||
| 504 | _aIncluye referencias bibliográficas (página 119) | ||
| 650 | 1 | 4 |
_2LEMB _aJóvenes _xActividad política. |
| 650 | 1 | 4 |
_2LEMB _aJóvenes _xCondiciones sociales. |
| 700 | _aEsguerra Villamizar, Viviana. | ||
| 700 |
_aCovo, Pedro, _e, ilustrador. |
||
| 700 |
_aHenao Medina, Camilo _d, editor. |
||
| 942 |
_2ddc _cBK _n0 |
||
| 999 |
_c61054 _d61054 |
||